000 00309nam a2200121 i 4500
001 bg
245 0 _aMetodologia i komputerowe wspomaganie projektowania :
_bkonferencja naukowa...
260 _aWrocław,
_c1976.
040 _cBPK
041 _apol
942 _cKS
008 s pl f |000 0 pol
999 _c27532
_d27532
856 _uhttp://koha.tu.koszalin.pl/cgi-bin/koha/opac-detail.pl?biblionumber=27532
_yKatalog online BPK